Bình luận khoa học bộ luật tố tụng hình sự năm 2015 : Áp dụng từ ngày 01-01-2018
Nội dung sách trình bày: những quy định chung; khởi tố, điều tra vụ án hình sự; truy tố; xét xử vụ án hình sự; một số quy định về thi hài bản án, quyết định của tòa án; xét lại bản án và quyết định đã có hiệu lực pháp luật; thủ tục đặ...
সংরক্ষণ করুন:
| প্রধান লেখক: | |
|---|---|
| অন্যান্য লেখক: | , |
| বিন্যাস: | গ্রন্থ |
| ভাষা: | Vietnamese |
| প্রকাশিত: |
H.
Thế Giới
2017
|
| বিষয়গুলি: | |
| ট্যাগগুলো: |
ট্যাগ যুক্ত করুন
কোনো ট্যাগ নেই, প্রথমজন হিসাবে ট্যাগ করুন!
|
| Thư viện lưu trữ: | Thư viện Trường Đại học Nam Cần Thơ |
|---|
| LEADER | 01571nam a22002297a 4500 | ||
|---|---|---|---|
| 001 | NCT_80567 | ||
| 008 | 200609b xxu||||| |||| 00| 0 vie d | ||
| 999 | |c 3952 |d 3952 | ||
| 020 | |a 9786047737505 |c 385000 | ||
| 082 | 0 | 4 | |2 23rd ed. |a 345.597 |b B305 |
| 100 | 1 | |a Trần Văn Biên |e Chủ biên | |
| 245 | 1 | 0 | |a Bình luận khoa học bộ luật tố tụng hình sự năm 2015 : |b Áp dụng từ ngày 01-01-2018 |c Trần Văn Biên, Đinh Thế Hưng (Chủ biên); Đàm Quang Ngọc,...[et al.] |
| 260 | |a H. |b Thế Giới |c 2017 | ||
| 300 | |a 479 tr. |c 28cm | ||
| 520 | 3 | |a Nội dung sách trình bày: những quy định chung; khởi tố, điều tra vụ án hình sự; truy tố; xét xử vụ án hình sự; một số quy định về thi hài bản án, quyết định của tòa án; xét lại bản án và quyết định đã có hiệu lực pháp luật; thủ tục đặc biệt; hợp tác quốc tế; điều khoản thi hành. | |
| 653 | |a Luật học | ||
| 700 | 1 | |a Đinh Thế Hưng |e Chủ biên | |
| 700 | 1 | |a Đàm Quang Ngọc | |
| 942 | |2 ddc |c BK | ||
| 952 | |0 0 |1 0 |2 ddc |4 0 |6 345_597000000000000_B305 |7 0 |9 19710 |a 000001 |b 000001 |d 2020-06-09 |o 345.597 B305 |p MD.17331 |r 2020-06-09 |v 385000.00 |w 2020-06-09 |y BK | ||
| 952 | |0 0 |1 0 |2 ddc |4 0 |6 345_597000000000000_B305 |7 0 |9 19711 |a 000001 |b 000001 |d 2020-06-09 |l 1 |m 1 |o 345.597 B305 |p MD.17332 |r 2021-01-27 |s 2021-01-08 |v 385000.00 |w 2020-06-09 |y BK | ||
| 980 | |a Thư viện Trường Đại học Nam Cần Thơ | ||


